| 000 | 01498nam a22002177a 4500 | ||
|---|---|---|---|
| 003 | OSt | ||
| 005 | 20260122195041.0 | ||
| 008 | 230403b ||||| |||| 00| 0 eng d | ||
| 040 | _cOst | ||
| 041 | _ashan | ||
| 082 | _a294.34433 | ||
| 245 |
_aၽိုၼ်လၵ်ႈၵႂၢမ်းဝႆႈၽြႃးၵၢင်ၼႂ်ဝတ်ႉၽထၢတ်ႈတွၼ်းႁိူင်းမိူင်းၽူင်း။ _bသိူၵ်ႈပိုၼ်းၵႅပ်ႈဝိႁၢရ်ဢွင်ႇမျေႇၽုင်ႇသႃႇၵျွင်းတႆးၵဝ်ႈလၵ်းဝဵင်းတႃႈၵုင်ႈ၊ မႆးၵိုမ်းပီၵွၼ်းၶမ်းပွႆးဝၼ်းၵိူတ်ႇသြႃႃႇၸဝ်ႈတူၼ်ၶူးလူင်ၽတ်ႉတၼ်ႇတသုၼ်ႇတရဢႃႇယုၸဝ်ႈထူၼ်ႈ (50) ပီ _cၸဝ်ႈသြႃႇဝႃႇယႃႇမမိူင်းၵၢဝ်၊ တၢင်ႉယၢၼ်း ၵဵပ်းႁွမ်- |
||
| 260 | _c2001 | ||
| 500 | _aS-SAT: Dr. Prof Sai Aung Tun | ||
| 500 | _aပပ်ႉၸဝ်ႈတႃႇၼႁင်းၶေႃ တွၵ်ႉတိူဝ်ႇၸၢႆးဢွင်ႇထုၼ်း | ||
| 650 |
_aထမ်းဝႆႈၽြႃး _920673 |
||
| 650 |
_aၵျွင်းတႆးၵဝ်ႈလၵ်း-မိူင်းမျၢၼ်ႇမႃႇ _922705 |
||
| 942 | _cBK1 | ||
| 942 | _2ddc | ||
| 942 | _2ddc | ||
| 999 |
_c23685 _d23685 |
||